Elecciones, sistema de partidos, democracia y ciudadanía en Honduras (1980-2013) /

Na minha lista:
Detalhes bibliográficos
Autor principal: Romero Ballivián, Salvador
Formato: Texto
Tags: Adicionar Tag
Sem tags, seja o primeiro a adicionar uma tag!

MARC

LEADER 00000 a a2200000 04500
001 48750
003
040
100 |a Romero Ballivián, Salvador  
245 |a Elecciones, sistema de partidos, democracia y ciudadanía en Honduras (1980-2013) /  |c Salvador Romero Ballivián  
773 |a número19, (2015), páginas 243-276 : gráficos  
999 |c 25324  |d 25324